All About Capitals Quiz - Statistics

General Stats
  • This quiz has been taken 39 times
  • The average score is 17 of 30
Answer Stats
Hint Answer % Correct
Capital of France Paris
100%
Country with threeCapitals South Africa
89%
Capitals with 'W' Washington | Wellington | Windhoek | Warsaw
85%
Two closest capitals(Name Both) Vatican City | Rome
81%
Capital of Russia Moscow
78%
Capital with 'Z' Zagreb
74%
Country with twoCapitals Bolivia
70%
The Capital with Big Ben London
70%
Countries and Capitals with the same names Luxembourg | Monaco | Vatican City | San Marino |Djibouti | Singapore
70%
Capital of the EU Brussels
67%
Capitals that start andend with the letter 'A' Abuja | Accra | Addis Ababa | Andorra La Vella |Ankara | Apia | Asmara | Astana |
63%
Capitals with 'ou' in itmore than once Ouagadougou | Yamoussoukro
63%
Capitals closest to the equator Quito | Sao Tome | Malabo | Libreville | Kampala | Singapore
63%
Capitals in Europe with 'T' Tirana | Tallinn
63%
Second Least Populated Vatican City
63%
Capitals with 'Y' Yaren | Yerevan | Yamoussoukro
63%
Capitals with 'F' Funafuti | Freetown
59%
Capital with 'Q' Quito
59%
Second most populated Tokyo
59%
Capitals with one syllable Bern | Rome
56%
Most populated capital Beijing
52%
Capitals with four letters Kyiv | Apia | Lima | Lome | Suva | Juba | Dili | ...
52%
Capital that starts and ends with the letter 'O' Oslo
48%
Capitals with 'V' that don't sound like a country Valletta | Vilnius | Victoria | Vienna | Vaduz
41%
Capital with the mostamount of letters in it Sri Jayawardenapura Kotte
30%
Furthest Capital from any other Capital Canberra
26%
Country with no official capital Nauru
26%
Country that has had 59 capitals in the past Iran
19%
Least Populated Capital Ngerulmud
15%
Capitals that sound like another country Vientiane | Brazzaville
15%
No matching quizzes found
Score Distribution
Percent of People with Each Score
Percentile by Number Answered
Your Score History
You have not taken this quiz